Bước đầu tìm hiểu tác giả Dương Bá Cung và "Hà Nội địa dư" /
Сохранить в:
| Главный автор: | |
|---|---|
| Формат: | Статья |
| Язык: | Vietnamese |
| Предметы: | |
| Метки: |
Добавить метку
Нет меток, Требуется 1-ая метка записи!
|
| Thư viện lưu trữ: | Thư viện Trường Đại học Đà Lạt |
|---|
| LEADER | 00832nam a2200265 4500 | ||
|---|---|---|---|
| 001 | DLU180183389 | ||
| 005 | ##20180122 | ||
| 040 | # | # | |a DLU |b vie |
| 041 | # | # | |a vie |
| 044 | # | # | |a vn |
| 100 | # | # | |a Nguyễn Minh Thông. |
| 245 | # | # | |a Bước đầu tìm hiểu tác giả Dương Bá Cung và "Hà Nội địa dư" / |c Nguyễn Minh Thông. |
| 653 | # | # | |a Dương Bá Cung |
| 653 | # | # | |a Hà Nội địa dư |
| 653 | # | # | |a Kinh đô Thăng Long |
| 653 | # | # | |a Nhà Nguyễn |
| 773 | # | # | |t Tạp chí Lý luận, phê bình văn học, nghệ thuật |g Số 23, 2014, tr. 48-51 |
| 920 | # | # | |a Phòng Tạp chí --Trung tâm Thông tin - Thư viện Trường Đại học Đà Lạt |
| 900 | # | # | |a True |
| 911 | # | # | |a Lê Thị Hồng |
| 925 | # | # | |a G |
| 926 | # | # | |a A |
| 927 | # | # | |a BB |
| 980 | # | # | |a Thư viện Trường Đại học Đà Lạt |